Zákony II/2009 úplné znenia zákonov z obchodného a občianskeho práva a súvisiace predpisy platné k 1.1.2009
Na minha lista:
| Formato: | Livro |
|---|---|
| Idioma: | eslovaco |
| Publicado em: |
Žilina
Poradca
2009
|
| Assuntos: | |
| Tags: |
Sem tags, seja o primeiro a adicionar uma tag!
|
MARC
| LEADER | 00000nam$a2200000$$$4500 | ||
|---|---|---|---|
| 001 | 0090080 | ||
| 005 | 20240318120952.4 | ||
| 022 | |a 1335-1583 | ||
| 041 | 0 | |a slo | |
| 044 | |a SK | ||
| 245 | 1 | 0 | |a Zákony II/2009 |b úplné znenia zákonov z obchodného a občianskeho práva a súvisiace predpisy platné k 1.1.2009 |
| 264 | 1 | |a Žilina |b Poradca |c 2009 | |
| 300 | |a 944 s. | ||
| 610 | 2 | 0 | |a predpisy právne |
| 610 | 2 | 0 | |a legislatíva |
| 610 | 2 | 0 | |a zákonník obchodný |
| 610 | 2 | 0 | |a zákonník občiansky |
| 610 | 2 | 0 | |a poriadok súdny občiansky |
| 610 | 2 | 0 | |a poriadok exekučný |
| 610 | 2 | 0 | |a právo trestné |
| 610 | 2 | 0 | |a živnosti |
| 610 | 2 | 0 | |a Slovensko |